00507nam a22000977a 4500008004100000100002100041245021900062260004200281300001600323650007000339200415b ||||| |||| 00| 0 eng d aBank of Tanzania aThe sixteenth Conference of Financial Institutions Held at Arusha International Conference Centre (AICC) Arusha TanzaniabTheme Financial Innovations and Financial Inclussion in TanzaniacBank of TanzaniahEnglish aDar Es SalaambBank of Tanzaniac2012 a729p.c21cm 2The Sixteenth Conference of Financial Institution Held at Arusha